000 02411cam a2200313 a 4500
005 20260322212031.0
008 data
010 _a 2010286932
020 _a9781595550781 (cloth)
020 _a159555078X (cloth)
040 _aVPW
_cVPW
_dDLC
_dC#L
_dCDX
_dDLC
042 _alccopycat
050 0 0 _aHG179
_b.R31563 2009
092 _a332 R315 2009
100 1 _aRamsey, Dave.
245 1 4 _aThe total money makeover :
_ba proven plan for financial fitness /
_cDave Ramsey.
250 _a[3rd ed.].
260 _aNashville, Tenn. :
_bThomas Nelson Pub.,
_cc2009.
300 _axxv, 259 p. :
_bill., forms ;
_c25 cm.
500 _a"Revised 3rd edition"--Jacket.
500 _aIncludes index.
505 0 _aIntroduction: What this book is NOT -- Flying turkeys and skinny dipping -- The total money makeover challenge -- Denial: I'm not that out of shape -- Debt myths: the (non)secrets of the rich -- Two more hurdles: ignorance and keeping up with the Joneses -- Save {dollar}1,000 fast: walk before you run -- The debt snowball: lose weight fast, really -- Finish the emergency fund: kick Murphy out -- Maximize retirement investing: be financially healthy for life -- College funding: make sure the kids are fit too -- Pay off the home mortgage: be ultrafit -- Build wealth like crazy: Arnold Schwarzedollar, Mr. Universe of money -- Live like no one else -- Meet the winners of the Total Money Makeover Challenge -- Budgeting forms.
520 _a"Ramsey offers a bold, no-nonsense approach to money matters, providing not only the how-to but also a grounded and uplifting hope for getting out of debt and achieving total financial health. Ramsey debunks the many myths of money (exposing the dangers of cash advance, rent-to-own, debt consolidation) and attacks the illusions and downright deceptions of the American dream, which encourages nothing but overspending and massive amounts of debt. "Don't even consider keeping up with the Joneses," Ramsey declares in his typically candid style. "They're broke!" This book isn't theory. It works every single time. It works because it is simple. It works because it gets to the heart of the money problems: you"--Publisher's description.
650 0 _aFinance, Personal.
650 0 _aDebt.
906 _a7
_bcbc
_ccopycat
_d2
_eepcn
_f20
_gy-gencatlg
955 _exj15 2010-04-27 for to Dewey
001 data
999 _c709
_d709